Statistiken für Städte auf zufälligen europäischen Flüssen

Klicken Sie hier um das Quiz zu spielen!

Allgemein

  • Dieses Quiz wurde 323 mal gespielt
  • Das Durchschnittsergebnis liegt bei 12 aus 20

Antworten auf der Karte

Die Antworten werden auf der Karte rot bzw. grün angezeigt, abhängig davon wie oft sie richtig erraten wurden.
 

Antwortstatistiken

GruppeStadt% Korrekt
r3Düsseldorf
100%
r2Hamburg
100%
r3Köln
100%
r2Rom
100%
r4Warschau
100%
r3Frankfurt
93%
r3Mannheim
93%
r3Rotterdam
93%
r4Berlin
92%
r4Lissabon
92%
r4Potsdam
92%
r2Bremen
89%
r2Bremerhaven
89%
r2Dresden
89%
r2Kiew
89%
r1London
89%
r2Prag
89%
r3Karlsruhe
87%
r4Genf
83%
r3Bonn
80%
r3Bordeaux
80%
r3Duisburg
80%
r1Dortmund
78%
r1Wien
78%
r4Belgrad
75%
r4Gdańsk / Danzig
75%
r4Krakau
75%
r4Ljubljana
75%
r4Lyon
75%
r4Zagreb
75%
Gruppe 3Basel
73%
r3Straßburg
73%
r3Wiesbaden
73%
r1Belgrad
67%
r4Brandenburg
67%
r1Bratislava
67%
r1Budapest
67%
r2Magdeburg
67%
r1Paris
67%
r3Szczecin / Stettin
67%
r3Toulouse
67%
Gruppe 4Cottbus
58%
r1Bochum
56%
r1Duisburg
56%
r1Essen
56%
r2Nantes
56%
Gruppe 1Ulm
56%
r3Utrecht
53%
r3Wolgograd
53%
r3Wrocław / Breslau
53%
r4Lausanne
50%
r1Linz
44%
r2Orléans
44%
r1Regensburg
44%
r2Dessau
33%
r1Ingolstadt
33%
r2Kassel
33%
r1Le Havre
33%
r2Tours
33%
r3Ostrava / Ostrau
27%
r4Avignon
25%
r4Kranj
25%
r2Angers
22%
r2Dnipro
22%
r1Győr / Raab
22%
r1Novi Sad
22%
r2Ostia
22%
r1Oxford
22%
r2Wittenberg
22%
r3Kasan
20%
r4Arles
17%
r4Toledo
17%
Gruppe 2Budweis
11%
r1Rouen
11%
r3Nischni Nowgorod
7%
r4Brčko
0%
r4Bydgoszcz
0%
r1Galați
0%
r2Perugia
0%
r2Saporischschja
0%

Verteilung der Resultate

Perzentil nach korrekt beantworteten Fragen

Anzahl Personen mit jedem Resultat

Ihre Resultats-Entwicklung

Sie haben dieses Quiz noch nicht gespielt